00000000nam 2200000zi 4500
0019.956092
003CaOODSP
00520251010115614
006m     o  d f      
007cr mn|||||||||
008251008e20240205onc     ob   f000 0 eng d
040 |aCaOODSP|beng|erda|cCaOODSP
043 |an-cn---|an-cn-qu
0861 |aYM32-10/2011-89-2024E-PDF
1001 |aMcCallum, Martin, |eauthor.
24510|aImmigration : |bthe Canada-Quebec Accord / |crevised by Martin McCallum.
250 |a[Revised 5 February 2024].
264 1|a[Ottawa] : |bLibrary of Parliament = Bibliothèque du Parlement, |c5 February 2024.
264 4|c©2024
300 |a1 online resource (ii, 7 pages).
336 |atext|btxt|2rdacontent
337 |acomputer|bc|2rdamedia
338 |aonline resource|bcr|2rdacarrier
4901 |aHillStudies : in-depth reads on Canadian topics ; |vpublication no. 2011-89-E
500 |aCover title.
500 |aIssued also in French under title: Immigration : l'Accord Canada-Québec.
500 |a"[P]repared by Research and Education, ..."--About this publication.
504 |aIncludes bibliographical references (pages 6-7).
520 |a"Compared to later federal-provincial agreements, the Canada-Quebec Accord is also the most extensive. Under this Accord, for instance, Quebec has exclusive responsibility for selecting economic immigrants destined for that province - and for the criteria by which they are selected - rather than simply assessing and nominating some of them to address specific labour market and economic needs. Quebec, uniquely, sets the number of economic immigrants it will receive, rather than consulting with the federal government. It is also the only province that has selection authority over resettled refugees, while Canada identifies the pool of refugees for possible resettlement. This paper provides an overview of the Accord. It outlines the Accord's objectives and constitutional background, and it surveys the agreements made under the Accord about immigration levels, family reunification, refugees, visitors, the reception and integration of immigrants, and the ongoing administration of the Accord"--Executive summary, page ii.
63000|aCanada-Quebec Accord relating to Immigration and Temporary Admission of Aliens |d(1991)
650 5|aInterprovincial relations|zCanada.
651 0|aCanada|xEmigration and immigration|xGovernment policy.
651 0|aQuébec (Province)|xEmigration and immigration|xGovernment policy.
7101 |aCanada. |bLibrary of Parliament. |bResearch and Education, |eissuing body.
77508|tImmigration : |w(CaOODSP)9.956098
795 |tImmigration |b[Revised 24 July 2015]|w(CaOODSP)9.818149
830#0|aHillStudies (Canada. Library of Parliament)|vno. 2011-89-E.|w(CaOODSP)9.955653
85640|qPDF|s488 KB|uhttps://publications.gc.ca/collections/collection_2025/bdp-lop/ym32-10/YM32-10-2011-89-2024-eng.pdf
8564 |qHTML|sN/A|uhttps://lop.parl.ca/sites/PublicWebsite/default/en_CA/ResearchPublications/201189E